Para una teoría de la literatura hispanoamericana

Salvato in:
Dettagli Bibliografici
Autore principale: Fernández Retamar, Roberto 1930-
Natura: Sconosciuto
Pubblicazione: La Habana, Cuba Pueblo y Educación 1984
Edizione:4 edición corregida y aumentada
Soggetti:
Tags: Aggiungi Tag
Nessun Tag, puoi essere il primo ad aggiungerne!!

MARC

LEADER 000000000a22000000004500
001 002074
041 0 |a Español 
092 0 |a A860.9 F363p4 
100 1 |a Fernández Retamar, Roberto   |d 1930- 
245 1 0 |a Para una teoría de la literatura hispanoamericana 
250 |a 4 edición corregida y aumentada 
260 |a La Habana, Cuba   |b Pueblo y Educación   |c 1984 
300 |a 139 páginas 
500 |a número de inscripción 13024 -- "SNLC: CU 01.13280.6" 
650 4 |a LITERATURA HISPANOAMERICANA 
650 4 |a HISTORIA Y CRITICA 
999 |c 2949  |d 2949